-
KHAN , DR. MOHAMMAD AKBAR ALI
Entry Personal Name
Number of records used in: 1
001 - CONTROL NUMBER
003 - CONTROL NUMBER IDENTIFIER
005 - DATE AND TIME OF LATEST TRANSACTION
- control field:
20220215134947.0
008 - FIXED-LENGTH DATA ELEMENTS
- fixed length control field:
220215|| aca||aabn | a|a d
040 ## - CATALOGING SOURCE
- Original cataloging agency:
OSt
- Transcribing agency:
OSt
100 ## - HEADING--PERSONAL NAME
- Personal name:
KHAN , DR. MOHAMMAD AKBAR ALI
670 ## - SOURCE DATA FOUND
- Source citation:
Work cat.: (OSt): KHAN , DR. MOHAMMAD AKBAR ALI, HOSPITAL MANAGEMENT, 1999